[Event "CZE-ch U16"]
[Site "Harrachov"]
[Date "2024.10.29"]
[Round "5"]
[White "Smisek, Robin"]
[Black "Jirman, Jonas"]
[Result "0-1"]
[WhiteElo "1880"]
[BlackElo "1760"]
[PlyCount "96"]
[EventDate "2024.10.26"]
[EventType "swiss"]
[EventRounds "9"]
[EventCountry "CZE"]
[SourceTitle "CB45_2024"]
[Source "ChessBase"]
[SourceDate "2024.11.06"]
[SourceVersion "1"]
[SourceVersionDate "2024.11.06"]
[SourceQuality "1"]

1. e4 c5 2. Nf3 Nc6 3. Nc3 Nf6 4. Bb5 g6 5. e5 Ng4 6. Bxc6 dxc6 7. h3 Nh6 8. g4 Bg7 9. Qe2 0-0 10. d3 f5 11. g5 Nf7 12. Bf4 Qa5 13. a3 Nd8 14. h4 Ne6 15. Qe3 b5 16. 0-0 Rd8 17. Ne2 Qb6 18. b4 cxb4 19. Qxb6 axb6 20. axb4 Bb7 21. Bg3 c5 22. Nd2 Nd4 23. Nxd4 Rxd4 24. bxc5 bxc5 25. Rxa8+ Bxa8 26. f4 c4 27. Nf3 Bxf3 28. Rxf3 cxd3 29. Rxd3 Rxd3 30. cxd3 b4 31. Be1 b3 32. Bc3 e6 33. Kf2 Bf8 34. Bb2 Bb4 35. Ke2 Kf7 36. d4 Ke7 37. Kd3 Kd7 38. Bc1 Kc6 39. Kc4 b2 40. Bxb2 Bd2 41. Bc3 Bxf4 42. Be1 Be3 43. Kd3 Bg1 44. Bc3 Bf2 45. Bd2 Bxh4 46. Bf4 Kd5 47. Ke3 Be1 48. Kd3 Bf2 0-1